UM Logo

Listening effectiveness and unproductive students behavior / (Record no. 12456)

MARC details
000 -LEADER
fixed length control field 00613nam a22001697a 4500
008 - FIXED-LENGTH DATA ELEMENTS--GENERAL INFORMATION
fixed length control field 190125b ||||| |||| 00| 0 eng d
082 ## - DEWEY DECIMAL CLASSIFICATION NUMBER
Edition number 2018
Classification number UT 1164
Item number G39
100 ## - MAIN ENTRY--PERSONAL NAME
Personal name Getalla, Delza Mae F.
9 (RLIN) 35112
245 ## - TITLE STATEMENT
Title Listening effectiveness and unproductive students behavior /
Statement of responsibility, etc. Delza Mae F. Getalla, Jairus Lutang, and Jaydee R. Mesa
260 ## - PUBLICATION, DISTRIBUTION, ETC. (IMPRINT)
Place of publication, distribution, etc. Digos City:
Name of publisher, distributor, etc. UMDC
Date of publication, distribution, etc. October 2018.
300 ## - PHYSICAL DESCRIPTION
Extent 76 pages;
Dimensions 30 cm.
650 ## - SUBJECT ADDED ENTRY--TOPICAL TERM
Topical term or geographic name as entry element Education
Form subdivision Beed
General subdivision Undergraduate thesis.
9 (RLIN) 34786
700 ## - ADDED ENTRY--PERSONAL NAME
Personal name Getalla, Delza Mae F.
9 (RLIN) 35112
700 ## - ADDED ENTRY--PERSONAL NAME
Personal name Lutang, Jairus
9 (RLIN) 35113
700 ## - ADDED ENTRY--PERSONAL NAME
Personal name Mesa, Jaydee R.
9 (RLIN) 35114
942 ## - ADDED ENTRY ELEMENTS (KOHA)
Source of classification or shelving scheme Dewey Decimal Classification
Koha item type Undergraduate Thesis
Holdings
Withdrawn status Lost status Source of classification or shelving scheme Damaged status Not for loan Home library Current library Date acquired Total Checkouts Full call number Barcode Date last seen Price effective from Koha item type
    Dewey Decimal Classification     UM Digos College - LIC UM Digos College - LIC 01/30/2019   UT 1164 G39 UT1164 01/30/2019 01/30/2019 Undergraduate Thesis